Govt. of
Madhya Pradesh

The Finger on The Lute (Record no. 7176)

MARC details
000 -LEADER
fixed length control field 005210000a22001810004500
003 - CONTROL NUMBER IDENTIFIER
control field MACL
005 - DATE AND TIME OF LATEST TRANSACTION
control field 20151007142605.0
008 - FIXED-LENGTH DATA ELEMENTS--GENERAL INFORMATION
fixed length control field 151007b xxu||||| |||| 00| 0 eng d
040 ## - CATALOGING SOURCE
Original cataloging agency MACL
Transcribing agency MACL
041 ## - LANGUAGE CODE
Language code of text/sound track or separate title English
082 ## - DEWEY DECIMAL CLASSIFICATION NUMBER
Classification number 920
100 ## - MAIN ENTRY--PERSONAL NAME
Personal name Bhoothalingam, Mathuram
9 (RLIN) 14063
245 ## - TITLE STATEMENT
Title The Finger on The Lute
Remainder of title The Story of Mahakavi Subramania Bharati
260 ## - PUBLICATION, DISTRIBUTION, ETC. (IMPRINT)
Name of publisher, distributor, etc. National Council of Educational Reasearch and Training
Date of publication, distribution, etc. 1970
Place of publication, distribution, etc. Calcutta
350 ## - PRICE (NR) (BK AM CF MU VM SE) [OBSOLETE]
Price 2.60
650 ## - SUBJECT ADDED ENTRY--TOPICAL TERM
Topical term or geographic name as entry element Biography
9 (RLIN) 14064
942 ## - ADDED ENTRY ELEMENTS (KOHA)
Koha item type Books
Call number prefix 920
Source of classification or shelving scheme
Holdings
Withdrawn status Lost status Source of classification or shelving scheme Damaged status Not for loan Home library Current library Date acquired Cost, normal purchase price Total Checkouts Total Renewals Full call number Barcode Date last seen Date last checked out Uniform Resource Identifier Price effective from Koha item type
          MACL MACL 15/04/2015 2.60 1 1 920 CRE002585 02/05/2024 29/10/2017 7109 15/04/2015 Books